Estatísticas para Cultura Geral

Clique aqui para jogar o quiz

Estatísticas Gerais

  • Esse quiz foi jogado 26 vezes
  • A pontuação média é 5 de 15

Estatísticas das Respostas

HintResposta% Correto
Em que país nasceu o jogador de futebol Zlatan Ibrahimovic?Suécia
87%
Que nome se dá a um período de mil anos?Milénio
74%
Como se diz cinco em francês?Cinq
70%
Em que país podemos encontrar a sede da empresa IBM?Estados Unidos
57%
Que tipo de animal é o mascote do Honey Nut Cheerios?Abelha
43%
Quem canta a música "Shape of You"?Ed Sheeran
43%
Qual é a única equipa que joga basquete NBA no Canadá?Toronto Raptors
39%
Que emissora exibe o programa Saturday Night Live?NBC
17%
Com que outro país a Rússia compartilha a região da Carélia?Finlândia
13%
Qual é a profissão do Jerry Seinfeld?Humorista
9%
Qual é o programa de horário nobre com roteiro mais longo da história da televisão americana?Simpsons
9%
Qual rede de restaurantes oferece hambúrgueres em formato quadrado para não "cortar cantos"?Wendy's
9%
De quem Hamlet gostavaOphelia
4%
Que pássaro dá azar um marinheiro matar?Albatroz
0%
Em termos de campi universitários, qual é a abreviação "quad"?Quadrilátero
0%

Distribuição das Pontuações

Percentil de Números Respondidos

Porcentagem de Pessoas com Cada Pontuação

Sua Pontuação Histórica

Você não jogou esse quiz